Occupational choice in developing countries: Self employment versus wage employment a conceptual framework (Record no. 519848)

000 -LEADER
fixed length control field 01170nam a22001457a 4500
008 - FIXED-LENGTH DATA ELEMENTS--GENERAL INFORMATION
fixed length control field 220510b ||||| |||| 00| 0 eng d
100 ## - MAIN ENTRY--PERSONAL NAME
Personal name Banerjee, Tanima
245 ## - TITLE STATEMENT
Title Occupational choice in developing countries: Self employment versus wage employment a conceptual framework
260 ## - PUBLICATION, DISTRIBUTION, ETC. (IMPRINT)
Place of publication, distribution, etc Artha Vijanan
300 ## - PHYSICAL DESCRIPTION
Extent 63(4), Dec, 2021: p.333-359
520 ## - SUMMARY, ETC.
Summary, etc In existing theories, richer people get higher loans, become entrepreneurs and earn high, people at the middle of wealth distribution choose self-employment, and people who join wage employment have the least income. However, in developing nations, regular wage employment offers higher income than self-employment, and to justify these findings, a partial equilibrium model is developed. Given lack of collateral, occupational choices are based on human capital possession and capital availability. In this model, in a skill-based dual sector economy, self-employment generates lower income than regular wage employment with discriminatory tastes of employers having an influence on occupational choices as well.- Reproduced
773 ## - HOST ITEM ENTRY
Main entry heading Artha Vijanan
906 ## - LOCAL DATA ELEMENT F, LDF (RLIN)
Subject DIP OCCUPATIONS
942 ## - ADDED ENTRY ELEMENTS (KOHA)
Item type Articles
Holdings
Withdrawn status Lost status Source of classification or shelving scheme Damaged status Not for loan Permanent location Current location Date acquired Serial Enumeration / chronology Barcode Date last seen Koha item type
          Indian Institute of Public Administration Indian Institute of Public Administration 2022-05-10 63(4), Dec, 2021: p.333-359 AR126634 2022-05-10 Articles

Powered by Koha